El Contrato Administrativo de Suministros (Record no. 48382)

000 -CABECERA
campo de control de longitud fija 00620nam#a2200229#c#4500
003 - IDENTIFICADOR DEL NÚMERO DE CONTROL
campo de control IEF
005 - FECHA Y HORA DE LA ÚLTIMA TRANSACCIÓN
campo de control 20180219155415.0
008 - CÓDIGOS DE INFORMACIÓN DE LONGITUD FIJA
campo de control de longitud fija 950601s1976 uuu####fr####| 0||u| |u
040 ## - FUENTE DE LA CATALOGACIÓN
Centro catalogador de origen IEF
100 1# - PUNTO DE ACCESO PRINCIPAL - NOMBRE DE PERSONA
Nombre de persona Rivero Ysern, José Luis
9 (RLIN) 37639
245 ## - MENCIÓN DE TÍTULO
Título El Contrato Administrativo de Suministros
260 ## - PUBLICACIÓN, DISTRIBUCIÓN, ETC. (PIE DE IMPRENTA)
Lugar de publicación distribución etc. Sevilla
Nombre del editor distribuidor etc. Univ.
Fecha de publicación distribución etc. 1976
300 ## - DESCRIPCIÓN FÍSICA
Extensión XX, 238 p.
Dimensiones 22 cm
490 ## - MENCIÓN DE SERIE
Mención de serie Instituto García Oviedo, v. 40
500 ## - NOTA GENERAL
Nota general Bibliografía
650 #4 - PUNTO DE ACCESO ADICIONAL DE MATERIA--TÉRMINO DE MATERIA
Término de materia o nombre geográfico como elemento inicial CONTRATOS ADMINISTRATIVOS
9 (RLIN) 40436
650 #4 - PUNTO DE ACCESO ADICIONAL DE MATERIA--TÉRMINO DE MATERIA
Término de materia o nombre geográfico como elemento inicial CONTRATO DE SUMINISTROS
9 (RLIN) 40928
650 #4 - PUNTO DE ACCESO ADICIONAL DE MATERIA--TÉRMINO DE MATERIA
Término de materia o nombre geográfico como elemento inicial ESPAÑA
9 (RLIN) 41092
942 ## - ELEMENTOS DE PUNTO DE ACCESO ADICIONAL (KOHA)
Tipo de ítem Koha Libros
942 ## - ELEMENTOS DE PUNTO DE ACCESO ADICIONAL (KOHA)
-- 54631
Holdings
Estado de retiro Estado de pérdida Estado dañado No para préstamo Localización permanente Fecha de adquisición Signatura topográfica completa Código de barras Fecha visto por última vez Precio válido a partir de Tipo de ítem Koha
      Disponible para préstamo IEF 1995-06-01 45881 45881 2018-02-19 2018-02-19 Libros

Powered by Koha